|
|
|
|
| LEADER |
00000nam a22000007a 4500 |
| 005 |
20151104110640.0 |
| 007 |
cz|||| ||u| |
| 008 |
151104s2013 ck ||||| |||| 00||0|spa d |
| 020 |
|
|
|a 78-958-738-393-5
|
| 035 |
|
|
|a 12922
|
| 040 |
|
|
|a vLex
|
| 090 |
|
|
|c 5659
|d 5659
|
| 100 |
1 |
|
|a Caro Ramr̕ez, Édgar Ernesto
|
| 245 |
1 |
0 |
|a Cooperativismo y complejidad. Implementacin̤ del cooperativismo financiero en Colombia (1997-2011)
|h [Recurso electrn̤ico] /
|c Édgar Ernesto Caro Ramr̕ez
|
| 256 |
|
|
|a Servicio en ln̕ea
|
| 260 |
|
|
|a Colombia
|b Editorial Universidad de Rosario (Colombia)
|c 2013
|
| 300 |
|
|
|a 1 recurso electrn̤ico
|
| 500 |
|
|
|a En distintos capt̕ulos se abordan los temas desde el campo econm̤ico, polt̕ico y cultural, llegando a los conceptos de la complejidad y su corolario la cooperacin̤, para tratar de manera integral el biodesarrollo, fundamental en la evolucin̤ social posmoderna. El mťodo cientf̕ico se utiliza en toda su expresin̤ con un estudio exploratorio de las propiedades del fenm̤eno complejo y su manejo fc̀tico hacia la trascendencia de los hechos, aplicados con la verificacin̤ empr̕ica en la vida real del sector cooperativo financiero.
|
| 506 |
1 |
|
|a Contenido solo disponible en los productos indicados
|d vLex Global
|d vLex Global (Academic Edition, excluding Law Schools)
|d vLex Global (U.S. Academic Edition, Law Schools)
|d vLex Global (U.S. Academic Edition, excluding Law Schools)
|d vLex Global (Academic Edition, Law Schools)
|
| 650 |
0 |
4 |
|2 Cooperativismo
|z Colombia
|
| 740 |
0 |
|
|a vLex libros (servicio en ln̕ea)
|
| 856 |
4 |
0 |
|u http://vlex.com/source/cooperativismo-y-complejidad-implementacion-del-cooperativismo-financiero-en-colombia-1997-2011--12922
|z Acceso restringido
|
| 942 |
|
|
|c BOOK
|
| 999 |
0 |
|
|a Cooperation
|